Normal view MARC view

Entry Personal Name

Number of records used in: 2

001 - CONTROL NUMBER

  • control field: 1239821

003 - CONTROL NUMBER IDENTIFIER

  • control field: OSt

005 - DATE AND TIME OF LATEST TRANSACTION

  • control field: 20260514122636.0

008 - FIXED-LENGTH DATA ELEMENTS

  • fixed length control field: 260514|| aca||aabn | a|a d

040 ## - CATALOGING SOURCE

  • Original cataloging agency: OSt
  • Transcribing agency: OSt

100 ## - HEADING--PERSONAL NAME

  • Personal name: Dr.Richa Dewan

670 ## - SOURCE DATA FOUND

  • Source citation: Work cat.: (OSt)1851574: Mitra Dr.Tuhin 1239820, Ocular Manifestations in Antireroviral Therapy (ART) Eligible People Living with HIV/AIDS (PLHIV)
Copyright @ Delhi University Library System